The 100 Best Westerns of All Time - Statistics

General Stats
  • This quiz has been taken 430 times
  • The average score is 26 of 100
Answer Stats
Rank Year Director TITLE % Correct
8 1966 Sergio Leone The Good, the Bad and the Ugly
97%
11 1992 Clint Eastwood Unforgiven
82%
23 1964 Sergio Leone A Fistful of Dollars
77%
1 1956 John Ford The Searchers
77%
5 1968 Sergio Leone Once Upon a Time in the West
75%
17 1939 John Ford Stagecoach
74%
29 1965 Sergio Leone For a Few Dollars More
72%
60 2010 Joel & Ethan Coen True Grit
67%
98 1969 Henry Hathaway True Grit
67%
3 1959 Howard Hawks Rio Bravo
63%
7 1969 Sam Peckinpah The Wild Bunch
63%
19 2007 Joel & Ethan Coen No Country for Old Men
62%
79 1952 Fred Zinnemann High Noon
58%
59 1974 Mel Brooks Blazing Saddles
57%
73 1966 Sergio Corbucci Django
51%
41 1969 George Roy Hill Butch Cassidy and the Sundance Kid
50%
10 1948 Howard Hawks Red River
50%
15 1962 John Ford The Man Who Shot Liberty Valance
49%
58 1976 Clint Eastwood The Outlaw Josey Wales
47%
75 1953 George Stevens Shane
46%
33 1973 Clint Eastwood High Plains Drifter
45%
84 1985 Clint Eastwood Pale Rider
43%
22 2007 Paul Thomas Anderson There Will Be Blood
42%
14 1948 John Huston The Treasure of the Sierra Madre
42%
99 1993 George P. Cosmatos Tombstone
41%
2 1971 Robert Altman McCabe & Mrs. Miller
40%
36 1957 Delmer Daves 3:10 to Yuma
38%
6 1946 John Ford My Darling Clementine
37%
24 1948 John Ford Fort Apache
35%
12 1995 Jim Jarmusch Dead Man
34%
4 1954 Nicholas Ray Johnny Guitar
32%
20 1949 John Ford She Wore a Yellow Ribbon
32%
47 2018 Joel & Ethan Coen The Ballad of Buster Scruggs
31%
52 1976 Don Siegel The Shootist
29%
55 1961 Marlon Brando One-Eyed Jacks
28%
30 1973 Terrence Malick Badlands
26%
42 1980 Michael Cimino Heaven's Gate
26%
94 1925 Charles Chaplin The Gold Rush
24%
87 2013 Gore Verbinski The Lone Ranger
24%
26 1950 Anthony Mann Winchester '73
24%
9 1973 Sam Peckinpah Pat Garret and Billy the Kid
23%
50 2007 Andrew Dominik The Assassination of Jesse James by the Coward Robert Ford
23%
40 1970 Alejandro Jodorowsky El Topo
21%
56 1962 Sam Peckinpah Ride the High Country
21%
71 1943 William A. Wellman The Ox-Bow Incident
21%
25 1968 Sergio Corbucci The Great Silence
20%
53 1903 Edwin S. Porter The Great Train Robbery
20%
18 1955 Anthony Mann The Man from Laramie
20%
13 1953 Anthony Mann The Naked Spur
20%
16 2010 Kelly Reichardt Meek's Cutoff
19%
81 1958 William Wyler The Big Country
19%
43 1971 Sergio Leone A Fistful of Dynamite
18%
64 1974 Sam Peckinpah Bring Me the Head of Alfredo Garcia
18%
80 1957 John Sturges Gunfight at the O.K. Corral
17%
63 2017 Chloé Zhao The Rider
17%
72 1950 Henry King The Gunfighter
15%
28 1958 Anthony Mann Man of the West
14%
61 1946 King Vidor Duel in the Sun
13%
82 1963 Martin Ritt Hud
13%
51 1952 Fritz Lang Rancho Notorious
13%
85 2014 Tommy Lee Jones The Homesman
13%
31 1966 Monte Hellman The Shooting
13%
32 1957 Samuel Fuller Forty Guns
12%
21 1959 Budd Boetticher Ride Lonesome
12%
89 1987 Kathryn Bigelow Near Dark
11%
34 2005 John Hillcoat The Proposition
11%
78 1955 John Sturges Bad Day at Black Rock
10%
83 1970 Sam Peckinpah The Ballad of Cable Hogue
10%
62 1971 Don Siegel The Beguiled
10%
70 1971 Dennis Hopper The Last Movie
10%
37 1957 Budd Boetticher The Tall T
10%
66 1950 John Ford Wagon Master
10%
92 1927 Victor Sjöström The Wind
9%
57 1966 Monte Hellman Ride in the Whirlwind
8%
46 1961 John Huston The Misfits
8%
93 1939 George Marshall Destry Rides Again
7%
54 1949 Samuel Fuller I Shot Jesse James
7%
44 1930 Raoul Walsh The Big Trail
7%
86 1954 Robert Aldrich Vera Cruz
7%
67 2014 Lisandro Alonso Jauja
6%
39 1952 Nicholas Ray The Lusty Men
6%
45 1972 Robert Aldrich Ulzana's Raid
6%
74 1972 Robert Benton Bad Company
5%
35 1959 André De Toth Day of the Outlaw
5%
97 1967 Giulio Petroni Death Rides a Horse
5%
91 1957 Samuel Fuller Run of the Arrow
5%
48 1956 Budd Boetticher Seven Men from Now
5%
68 1954 Allan Dwan Silver Lode
5%
65 1972 Jan Troell The New Land
5%
49 1946 Jacques Tourneur Canyon Passage
4%
100 1939 John Ford Drums Along the Mohawk
4%
90 1960 John Ford Sergeant Rutledge
4%
69 1950 Jacques Tourneur Stars in My Crown
4%
77 2018 Jennifer Kent The Nightingale
4%
27 1954 William A. Wellman Track of the Cat
4%
38 1948 William A. Wellman Yellow Sky
4%
76 1971 Frank Perry Doc
2%
95 1951 William A. Wellman Westward the Women
2%
88 1967 Giulio Questi Django Kill...If You Live, Shoot!
1%
96 1955 Rudolph Maté The Violent Men
1%
No matching quizzes found
Score Distribution
Percent of People with Each Score
Percentile by Number Answered
Your Score History
You have not taken this quiz